000 00565nam a2200193Ia 4500
005 20250508154049.0
008 008 250505s9999 xx 000 0 eng d
037 _aTextual
040 _aFEDL
_beng
_cFEDL
041 _aeng
_2eng
084 _a370, MIL
_qFEDL
100 _aMiles Matthew B Ed.
_9764968
245 0 _aInnovation in education
260 _aNew York, USA
_bBureau of Publications, Teachers College, Columbia University
_c1964
300 _axii,689p
365 _aINR
_b45.94
942 _cTEXL
_h370, MIL
999 _c1347388
_d1347388